Statistics for ユニバースの店舗

Click here to take the quiz!

General Stats

  • This quiz has been taken 14 times
  • The average score is 18 of 59

Answer Stats

HintAnswer% Correct
階上町階上店
82%
八戸市城下店
73%
八戸市根城店
73%
矢巾町矢巾店
73%
八戸市下長店
64%
八戸市白銀店
64%
久慈市久慈SC店
64%
軽米町軽米店
55%
洋野町種市店
55%
八戸市小中野店
55%
八戸市南類家店
55%
八戸市湊高台店
45%
八戸市八戸ニュータウン店
45%
紫波町紫波店
45%
おいらせ町百石店
45%
弘前市城東店
36%
八戸市桔梗野店
36%
青森市沖館店
36%
五所川原市五所川原東店
36%
八戸市新井田店
36%
盛岡市盛岡南店
36%
青森市ラ・セラ東バイパスSC
36%
盛岡市中野店
27%
東北町上北町店
27%
八幡平市西根店
27%
南部町福地店
27%
十和田市十和田西店
27%
むつ市むつ柳町店
27%
鹿角市毛馬内店
27%
弘前市堅田店
27%
青森市三内店
27%
弘前市松原店
27%
青森市東青森店
27%
八戸市パワーズUシンフォニープラザ店
27%
八戸市ビッグハウス湊店
18%
青森市大野店
18%
二戸市二戸堀野店
18%
青森市青柳店
18%
北上市北上花園町店
18%
青森市筒井店
18%
三沢市三沢堀口店
18%
盛岡市盛岡みたけ店
18%
盛岡市鉈屋町店
18%
弘前市南大町店
18%
むつ市むつ旭町店
18%
三沢市松園町店
18%
黒石市黒石駅前店
18%
十和田市十和田東店
18%
盛岡市サンタウン松園店
18%
盛岡市青山店
18%
十和田市パワーズU十和田店
18%
三戸町三戸八日町店
9%
奥州市水沢日高店
9%
二戸市二戸荷渡店
9%
久慈市久慈・川崎町店
9%
宮古市ファル磯鶏店
9%
花巻市花巻桜木店
0%
黒石市黒石富士見店
0%
弘前市Uマート桔梗野店
0%

Score Distribution

Percentile by Number Answered

Percent of People with Each Score

Your Score History

You have not taken this quiz